| 000 | 00622nam a2200193 a 4500 | ||
|---|---|---|---|
| 005 | 20140310183248.0 | ||
| 008 | 040921s19uu xx 00 eng d | ||
| 020 | _a0-8213-5203-2 | ||
| 050 |
_aHD 76 _b.R54 2002 |
||
| 245 |
_aThe right to tell : _bthe role of mass media in economic development. |
||
| 260 |
_aWashington D.C : _bThe World Bank, _c2002. |
||
| 300 |
_a322 p. : _c26 cm. |
||
| 500 | _aIncludes index. | ||
| 650 | _aCommunications in economic development. | ||
| 650 |
_aMass Media _xEconomic aspects. |
||
| 650 |
_aEconomic development _xInformnation services. |
||
| 942 |
_cBK _2lcc _kFOR |
||
| 999 |
_c20728 _d20728 |
||